00375nam a2200145 a 4500020001800000082001800018100002200036245002600058260003400084300000900118500003500127505002400162650002100186700002200207 a8190227262 00a294.5563bLOR aLorenzen, David N aWho Invented Hinduism aNew Delhi bYoda Press c2006 a284p aincludes index and biblioraphy2 aBibliography, Index aHinduism-History1 aLorenzen, David N